Textbook of physiology and biochemistry /

Saved in:
Bibliographic Details
Main Author: Bell, George H. (George Howard)
Other Authors: Emslie-Smith, Donald, Davidson, John Norman
Format: Book
Language:English
Published: Edinburgh, : Churchill Livingstone, 1972.
Edition:8th ed.
Subjects:
LEADER 01241cam a2200349 a 4500
001 c000278454
003 CARM
005 20071219105930.0
008 730525s1972 stka b 001 0 eng d
010 |a 73594785 
015 |a B73-00775 
019 1 |a 415276  |z 12428679  |z 26439935  |5 LACONCORD2021 
020 |a 0443009848 
035 |a (OCoLC)2736392  |5 LACONCORD2021 
040 |a LC  |b eng  |c LC  |d ABN-SNR 
050 1 4 |a QP34.5  |b .B44 
060 0 |a QT104 B433t 1972 
082 0 4 |a 612 
100 1 |a Bell, George H.  |q (George Howard) 
245 1 0 |a Textbook of physiology and biochemistry /  |c [by] George H. Bell, J. Norman Davidson [and] Donald Emslie-Smith. 
250 |a 8th ed. 
260 |a Edinburgh, :  |b Churchill Livingstone,  |c 1972. 
300 |a viii, 1160, [20] p. :  |b illus. (some col.) ;  |c 26 cm. 
500 |a Includes index. 
504 |a Includes bibliographies. 
650 0 |a Physiology. 
650 0 |a Biochemistry. 
700 1 |a Emslie-Smith, Donald. 
700 1 |a Davidson, John Norman. 
852 8 |b CARM  |h A1:AL32E0  |i C10552  |p 0459413  |f BK 
999 f f |i add07f22-a8a7-528c-9951-acc40fbdbbe6  |s a82a6685-62c2-5db6-8b8d-eea9a414aa4a 
952 f f |p Can circulate  |a CAVAL  |b CAVAL  |c CAVAL  |d CARM 1 Store  |e C10552  |f A1:AL32E0  |h Other scheme  |i book  |m 0459413